Statistics for Geography Generator Puzzle

Click here to take the quiz!

General Stats

  • This quiz has been taken 40 times
  • The average score is 14 of 21

Answer Stats

HintAnswer% Correct
Code comprising of dots and dashesMorse
97%
Light fogMist
94%
Italian capitalRome
94%
DampMoist
91%
FriendsMates
89%
One of the 5 sensesTaste
89%
Become wearyTire
89%
Englands floral symbolRose
86%
Castle's surroundingsMoats
71%
Cook in ovenRoast
71%
Water vapourSteam
71%
Mr Redding's first nameOtis
69%
---- The HoopleMott
57%
ScroogeMiser
54%
TypeSort
54%
Bishop's headwearMitre
51%
Type of paintMatt
43%
One who looks after childrenSitter
37%
EarnMerit
34%
9-Letter LocationEASTTIMOR
9%
Person who quantifies costEstimator
9%

Score Distribution

Percentile by Number Answered

Percent of People with Each Score

Your Score History

You have not taken this quiz